An introduction to plant anatomy
Uloženo v:
| Hlavní autor: | |
|---|---|
| Další autoři: | |
| Médium: | Kniha |
| Jazyk: | angličtina |
| Vydáno: |
New York
McGraw-Hill
1947
|
| Vydání: | Segunda edición |
| Edice: | McGraw-Hill Publications in the Botanical Sciences
|
| Témata: | |
| Tagy: |
Přidat tag
Žádné tagy, Buďte první, kdo vytvoří štítek k tomuto záznamu!
|
MARC
| LEADER | 00000nam a2200000 a 4500 | ||
|---|---|---|---|
| 001 | UCT3554 | ||
| 003 | CL-VaPUC | ||
| 005 | 20250226123240.0 | ||
| 008 | 961024e19470000US |||||||||||||||||eng|d | ||
| 999 | |c 253160 |d 253158 | ||
| 040 | |c Pontificia Universidad Católica de Valparaíso | ||
| 082 | 0 | 4 | |a 581.4 EAM 1947 |2 21 |
| 100 | 0 | |a Eames, Arthur J |9 372486 | |
| 245 | 1 | 3 | |a An introduction to plant anatomy |
| 250 | |a Segunda edición | ||
| 260 | 0 | 3 | |a New York |b McGraw-Hill |c 1947 |
| 300 | |a 427 páginas | ||
| 490 | 0 | |a McGraw-Hill Publications in the Botanical Sciences | |
| 583 | |a last modification |c 19961024 00:00:00 |k Rodrigo Vera | ||
| 650 | 0 | |a Plantas |9 264555 | |
| 650 | 0 | |a Organismos vivos |9 264556 | |
| 650 | 0 | |a Anatomía vegetal |9 269541 | |
| 650 | 0 | |a Células |9 269548 | |
| 650 | 0 | |a Botánica |9 264202 | |
| 650 | 7 | |a RAICES |2 CL-VaPUC |9 372488 | |
| 650 | 7 | |a TALLO |2 CL-VaPUC |9 372489 | |
| 650 | 7 | |a TRONCO |2 CL-VaPUC |9 372490 | |
| 650 | 0 | |a Fisiología vegetal |9 260158 | |
| 700 | 0 | |a MacDaniels, Laurence H |9 372487 | |
| 942 | |c BK |2 ddc | ||
| 945 | |d 19961024 00:00:00 |a paguirre | ||